Biblioteca

Celebremos al Señor (Registro nro. 51292)

Detalles MARC
000 -LÍDER
Campo fijo de descripción fija 01104aab a2200193 i 4500
001 - NÚMERO DE CONTROL
Campo de control 768714001
003 - IDENTIFICADOR DEL NÚMERO DE CONTROL
Campo de control CO-MdFUSB
005 - FECHA Y HORA DE LA ULTIMA TRANSACCIÓN
control field 20240422095024.0
008 - ELEMENTOS DE LONGITUD FIJA -- INFORMACIÓN GENERAL
Campo fijo de descripción fija -- Información general 240415t1982 ag ||||| |||| 00| 0 spa d
040 ## - FUENTE DE CATALOGACIÓN
Idioma de catalogación spa
Agencia que realiza la transcripción CO-MdFUSB
041 ## - CÓDIGO DE IDIOMA
Código de idioma para texto/pista de sonido o título separado spa
100 1# - ASIENTO PRINCIPAL--NOMBRE PERSONAL
Nombre personal Ramírez, Eduardo M.
Término relacionador autor
245 ## - TÍTULO
Título Celebremos al Señor
Mención de responsabilidad / Eduardo M. Ramírez
300 ## - DESCRIPCIÓN FÍSICA
Extensión Volumen 1, número 2, (julio - septiembre, 1982), páginas: 31 - 32
Dimensiones ; 27 cm
520 ## - NOTA DE RESUMEN, ETC.
Nota de sumario, etc. La directiva inicial nos ordena hacer de Dios nuestra máxima prioridad. Esto se puede hacer a través de la oración, los cantos, la lectura de la Biblia o las actividades diarias de los hijos de Dios.Dios es naturalmente adorado a través de diversos medios, que juntos crean una celebración. Aquí el culto tiene un lugar privilegiado. "Celebración" tiene un significado más amplio que "adoración". Es un conjunto de actividades a través de las cuales se adora a Dios.<br/>
650 #7 - ASIENTO SECUNDARIO DE MATERIA - TERMINO TEMÁTICO
Término temático o nombre geográfico como elemento de entrada Liturgia
9 (RLIN) 206
773 0# - ASIENTO DE ITEM FUENTE
Título Iglesia y Misión
Biblionumber 49402
Itemnumber 59626
Parte(s) relacionada(s) / Volumen., número. (mes año), páginas Volumen 1, número 2, (julio - septiembre, 1982), páginas: 31 - 32
Enumeración y primera página página: 31
942 ## - TIPO DE MATERIAL (KOHA)
Tipo de Item KOHA Artículos de Revista

No hay ítems disponibles.

Biblioteca FUSBC | Teléfono: (57+4) 349 88 10 Ext. 141| WhatsApp (+57) 3005338115 
E-mail: biblioteca@unisbc.edu.co | Calle 76 87-14 Robledo Palenque, Medellín, Colombia

Con tecnología Koha